S01-0 駅名クイズ - JR北海道 ver. - Statistics

General Stats
  • This quiz has been taken 200 times
    43 since last reset
  • The average score is 178 of 322
Answer Stats
Number Answer % Correct
木古内
95%
新函館北斗
95%
H75 函館
95%
H74 五稜郭
95%
H62
95%
新青森
90%
奥津軽いまべつ
90%
A28 旭川
90%
根室
90%
H14 南千歳
90%
AP15 新千歳空港
90%
A29 旭川四条
90%
A69 網走
90%
H71 七飯
85%
H68 大沼
85%
H67 大沼公園
85%
H47 長万部
85%
S25 ニセコ
85%
S15 小樽
85%
01 札幌
85%
A21 滝川
85%
K23 新得
85%
K31 帯広
85%
H41 洞爺
85%
M36 室蘭
85%
A30 新旭川
85%
W34 比布
85%
W79 南稚内
85%
W80 稚内
85%
A60 北見
85%
H54 八雲
80%
S23 倶知安
80%
S18 余市
80%
S07 手稲
80%
H03 白石
80%
A24 深川
80%
H68 大沼
80%
T30 富良野
80%
K36 池田
80%
K53 釧路
80%
厚岸
80%
H18 苫小牧
80%
H13 千歳
80%
H07 北広島
80%
H32 東室蘭
80%
W42 士別
80%
W48 名寄
80%
W54 美深
80%
W61 音威子府
80%
W64 天塩中川
80%
B72 知床斜里
80%
A45 白滝
80%
A50 遠軽
80%
G14 北海道医療大学
80%
S13 小樽築港
75%
A09 江別
75%
A13 岩見沢
75%
N63 東森
75%
B54 東釧路
75%
H10 恵庭
75%
H28 登別
75%
栗山
75%
K22 トマム
75%
F37 美瑛
75%
W38 和寒
75%
W40 剣淵
75%
W72 幌延
75%
W74 豊富
75%
A43 上川
75%
A65 美幌
75%
A66 西女満別
75%
鵡川
75%
H73 桔梗
70%
S30 黒松内
70%
S14 南小樽
70%
S11 銭函
70%
S03 琴似
70%
S02 桑園
70%
H02 苗穂
70%
A16 美唄
70%
A23 妹背牛
70%
N66 渡島砂原
70%
T26 芦別
70%
K27 芽室
70%
浜中
70%
H05 新札幌
70%
H38 伊達紋別
70%
K15 追分
70%
F39 上富良野
70%
F42 中富良野
70%
W31 永山
70%
A56 留辺蘂
70%
A67 女満別
70%
G13 当別
70%
S27 蘭越
65%
S19 仁木
65%
S10 ほしみ
65%
A20 砂川
65%
N68 鹿部
65%
T23 赤平
65%
K29 西帯広
65%
K47 白糠
65%
K52 新富士
65%
H17 沼ノ端
65%
H45 小幌
65%
H23 白老
65%
M35 母恋
65%
K20 新夕張
65%
K21 占冠
65%
W32 北永山
65%
W36 蘭留
65%
W47 名寄高校
65%
W59 天塩川温泉
65%
W67 糠南
65%
B56 釧路湿原
65%
A55 西留辺蘂
65%
A59 西北見
65%
A62 愛し野
65%
H72 大中山
60%
S24 比羅夫
60%
S05 発寒
60%
S04 発寒中央
60%
A04 厚別
60%
A06 大麻
60%
A18 奈井江
60%
N67 渡島沼尻
60%
K24 十勝清水
60%
H09 恵み野
60%
H04 平和
60%
H42 豊浦
60%
F41 ラベンダー畑
60%
W37 塩狩
60%
B61 標茶
60%
A32 東旭川
60%
A35 当麻
60%
A53 生田原
60%
G11 あいの里公園
60%
G11-1 ロイズタウン
60%
浜厚真
60%
H65 駒ヶ岳
55%
S26 昆布
55%
S17 蘭島
55%
S12 朝里
55%
S09 星置
55%
A05 森林公園
55%
A07 野幌
55%
T27 上芦別
55%
K34 幕別
55%
K38 豊頃
55%
H11 サッポロビール庭園
55%
F29 神楽岡
55%
F33 西神楽
55%
F36 北美瑛
55%
B55 遠矢
55%
B66 川湯温泉
55%
B71 中斜里
55%
B74 浜小清水
55%
B75 原生花園
55%
B76 北浜
55%
A31 南永山
55%
A38 愛別
55%
A57 相内
55%
A68 呼人
55%
G05 新琴似
55%
H66 赤井川
50%
H58 石倉
50%
S29 熱郛
50%
S08 稲穂
50%
S06 稲積公園
50%
A11 幌向
50%
A17 茶志内
50%
K30 柏林台
50%
K40 浦幌
50%
K42 厚内
50%
K45 音別
50%
K50 大楽毛
50%
K51 新大楽毛
50%
厚床
50%
昆布盛
50%
H06 上野幌
50%
H30 幌別
50%
由仁
50%
M33 輪西
50%
F38 美馬牛
50%
W44 多寄
50%
W60 咲来
50%
B58 塘路
50%
B67
50%
B69 清里町
50%
A48 丸瀬布
50%
A58 東相内
50%
A64 緋牛内
50%
G10 あいの里教育大
50%
H49 国縫
45%
S21 銀山
45%
S20 然別
45%
A10 豊幌
45%
A27 近文
45%
尾幌
45%
茶内
45%
H46 静狩
45%
H44 礼文
45%
安平
45%
栗丘
45%
栗沢
45%
F44 学田
45%
W46 風連
45%
W51 智恵文
45%
W62 筬島
45%
W66 問寒別
45%
W76 兜沼
45%
B57 細岡
45%
B64 摩周
45%
B65 美留和
45%
A39 中愛別
45%
S16 塩谷
40%
A12 上幌向
40%
A15 光珠内
40%
A22 江部乙
40%
A25 納内
40%
T28 野花南
40%
上尾幌
40%
H12 長都
40%
H40 有珠
40%
H31 鷲別
40%
H27 虎杖浜
40%
F34 西聖和
40%
F43 鹿討
40%
W45 瑞穂
40%
W49 日進
40%
W52 智北
40%
W63 佐久
40%
W77 勇知
40%
A34 桜岡
40%
A37 伊香牛
40%
A49 瀬戸瀬
40%
A51 安国
40%
A61 柏陽
40%
A63 端野
40%
勇払
40%
H52 山崎
35%
H51 黒岩
35%
S22 小沢
35%
A08 高砂
35%
K48 西庶路
35%
K49 庶路
35%
別保
35%
別当賀
35%
落石
35%
H33 本輪西
35%
三川
35%
F30 緑が丘
35%
F31 西御料
35%
F32 西瑞穂
35%
F40 西中
35%
B59 茅沼
35%
B73 止別
35%
B78 鱒浦
35%
B79 桂台
35%
A41 安足間
35%
G12 太美
35%
H57 落部
30%
H56 野田生
30%
A19 豊沼
30%
N65 掛澗
30%
T25 平岸
30%
K28 大成
30%
K32 札内
30%
K35 利別
30%
K37 十弗
30%
K39 新吉野
30%
西和田
30%
H16 植苗
30%
H20 糸井
30%
H19 青葉
30%
K17 川端
30%
F35 千代ヶ岡
30%
W73 下沼
30%
B62 磯分内
30%
G08 篠路
30%
H55 山越
25%
S28 目名
25%
A14 峰延
25%
N64 尾白内
25%
T24 茂尻
25%
K26 御影
25%
武佐
25%
H08 島松
25%
H37 北舟岡
25%
H36 稀府
25%
H35 黄金
25%
遠浅
25%
早来
25%
B68 札弦
25%
B77 藻琴
25%
G03 八軒
25%
G04 新川
25%
G06 太平
25%
門静
20%
姉別
20%
古山
20%
志文
20%
M34 御崎
20%
G07 百合が原
20%
H43 大岸
15%
H39 長和
15%
H22 社台
15%
H21 錦岡
15%
G09 拓北
15%
H34 崎守
10%
H29 富浦
10%
H26 竹浦
10%
H25 北吉原
10%
H24 萩野
10%
No matching quizzes found
Score Distribution
Percent of People with Each Score
Percentile by Number Answered
Your Score History
You have not taken this quiz since the last reset